00413 a2200109 4500001001000000005001700010008004100027245009400068100002100162773010300183999001700286ART_3966720260410162012.0260409a 10aLa innovación científico-tecnológica como incentivadora del crecimiento económico1 aElbaum, Jorge N.0 tPropuestas para la sociedad, el gobierno y la produccióng- Año 5, Nº 9 (nov. 2001)wREV39547 c32295d32295